000
00329nam a2200145Ia 4500
008
191201s2005 xx 000 0 und d
082
_a
621.38043
_b
NAS
100
_a
NAGRATH, I J
245
0
_a
Signals and Systems
250
_a
5th
260
_a
N.Delhi
_b
TMH
_c
2005
300
_a
606
650
_a
B.Tech(ECE)
942
_2
ddc
_c
BK
999
_c
1711
_d
1711